Effective telephoning

Guardat en:
Dades bibliogràfiques
Autor principal: Comfort, Jeremy.
Autor corporatiu: York Associates.
Format: Audio Llibre
Idioma:English
Publicat: Oxford : Oxford University Press, 1996.
Matèries:
Etiquetes: Afegir etiqueta
Sense etiquetes, Sigues el primer a etiquetar aquest registre!
Thư viện lưu trữ: Mạng thư viện Đại học Đà Nẵng
LEADER 01074cim a2200385 i 4500
001 000049843
003 9989
005 20041027140813.0
008 010424b1996 vm 000 eng
020 |a 0194570959 
040 |a IRC  |c IRC  |d IRC 
041 0 |a eng 
082 1 4 |a 651.73  |b CO-J 
100 1 |a Comfort, Jeremy. 
245 1 0 |a Effective telephoning  |h [Cassette - Băng cát-xét] /  |c Jeremy Comfort with York Associates. 
260 |a Oxford :  |b Oxford University Press,  |c 1996. 
300 |a 1 audio cassette (58 mins approx.) 
630 0 4 |a English language. 
630 0 4 |a Business English. 
630 0 4 |a Telephone in business. 
630 0 4 |a Telephone etiquette. 
650 0 4 |a English language  |x Business English. 
650 0 4 |a Telephone in business. 
650 0 4 |a Telephone etiquette. 
710 2 |a York Associates. 
OWN |a DUT 
999 |a From the UDN01 
TYP |a Sound recording 
TYP |a Monograph 
980 |a Mạng thư viện Đại học Đà Nẵng